000 00659nam a2200205 a 4500
001 000012416
005 20240412074232.0
008 091112s2001 dr 000 j spa d
020 _a9993402079
040 _aDO-SdBNP
_bspa
_cBNPHU
082 _aRD863.44
_bJ86r
100 1 _aJovine Bermúdez, Federico,
_d1944-2017
_925425
245 1 0 _aRompan fila y viva el jefe /
_cFederico Jóvine Bermúdez.
260 _aSanto Domingo :
_bEditora de Colores,
_c2001.
300 _a105 p. ;
_c21 cm.
590 _aInventariado, 2019/VM
650 0 _aCuentos dominicanos
_9176
650 0 _aLiteratura dominicana.
_967
910 _aValidado. Control de calidad. MMOLINA
999 _c12073
_d12073